000 00601nam a22002177a 4500
003 UA-OsUOA
001 69235
007 ta
008 20100614b un ||||| |||| 00| 0 ukr d
100 _aОхріменко І.В.
090 _a330
_bО-92
942 _cSA
040 _aUA-OsUOA
_bukr
_cUA-OsUOA
_dUA-OsUOA
245 _aМакроекономічний аналіз ринку робочої сили
300 _aС.50-55
955 _a0
041 _aukr
080 _a330
773 0 _w69232
_tЕкономіка АПК
_dК.
_d2010
_g6
650 7 _a330 Економіка взагалі
_2UDC
999 _c355497
_d355497